[Event "ROM-ch U12"]
[Site "Calimanesti Caciulata"]
[Date "2016.04.22"]
[Round "6"]
[White "Cojocaru, Mihai Marian"]
[Black "Scutaru, Alexandru"]
[Result "0-1"]
[WhiteElo "1250"]
[BlackElo "1111"]
[PlyCount "72"]
[EventDate "2016.04.18"]
[EventType "swiss"]
[EventRounds "9"]
[EventCountry "ROU"]
[SourceTitle "CBM 172 Extra"]
[Source "ChessBase"]
[SourceDate "2016.06.21"]
[SourceVersion "1"]
[SourceVersionDate "2016.06.21"]
[SourceQuality "1"]

1. e4 d5 2. exd5 Qxd5 3. Nf3 Nf6 4. d4 Bg4 5. Be2 c6 6. c4 Qd8 7. 0-0 e6 8. Nc3 Be7 9. Bf4 Qb6 10. b3 Nbd7 11. c5 Qb4 12. Bd2 Bxf3 13. Bxf3 Qxd4 14. Ne2 Qxc5 15. Be3 Qd6 16. Qc2 0-0 17. Rfd1 Qc7 18. Rd4 Ne5 19. Bf4 Nxf3+ 20. gxf3 e5 21. Bg3 Nh5 22. Re4 Nxg3 23. Nxg3 Qd7 24. Rxe5 Bf6 25. Rd1 Qxd1+ 26. Qxd1 Bxe5 27. Nh5 Rad8 28. Qc1 Rd5 29. Qg5 Bxh2+ 30. Kxh2 Rxg5 31. Ng3 Rxg3 32. fxg3 Rd8 33. Kh3 Rd2 34. a4 Rb2 35. f4 Rxb3 36. Kh4 c5 0-1

[Event "ROM-ch U10"]
[Site "Calimanesti"]
[Date "2014.04.09"]
[Round "4"]
[White "Boeru, Darius Alexandru"]
[Black "Cojocaru, Mihai Marian"]
[Result "1-0"]
[WhiteElo "1551"]
[BlackElo "1069"]
[PlyCount "35"]
[EventDate "2014.04.06"]
[EventType "swiss"]
[EventRounds "9"]
[EventCountry "ROU"]
[SourceTitle "CBM 160 Extra"]
[Source "ChessBase"]
[SourceDate "2014.07.01"]
[SourceVersion "1"]
[SourceVersionDate "2014.07.01"]
[SourceQuality "1"]

1. e4 e5 2. Nf3 Nc6 3. d4 Bd6 4. dxe5 Nxe5 5. Nc3 Nf6 6. Nxe5 Bxe5 7. Bd3 0-0 8. Bg5 Bxc3+ 9. bxc3 h6 10. Bh4 g5 11. Bg3 d5 12. e5 Nh7 13. Qh5 Kg7 14. h4 Be6 15. f4 f5 16. hxg5 Qe7 17. Qxh6+ Kg8 18. g6 1-0

[Event "ROM-ch U10"]
[Site "Calimanesti"]
[Date "2014.04.08"]
[Round "3"]
[White "Cojocaru, Mihai Marian"]
[Black "Arsinoaia, Ioan Alexandru"]
[Result "1/2-1/2"]
[WhiteElo "1069"]
[BlackElo "1288"]
[PlyCount "82"]
[EventDate "2014.04.06"]
[EventType "swiss"]
[EventRounds "9"]
[EventCountry "ROU"]
[SourceTitle "CBM 160 Extra"]
[Source "ChessBase"]
[SourceDate "2014.07.01"]
[SourceVersion "1"]
[SourceVersionDate "2014.07.01"]
[SourceQuality "1"]

1. e4 e5 2. Nf3 Nc6 3. Nc3 Bc5 4. Bc4 h6 5. 0-0 Nf6 6. d3 d6 7. Be3 Bb6 8. Nd5 Bxe3 9. fxe3 Be6 10. Nxf6+ Qxf6 11. Nd4 Qg6 12. Nxe6 fxe6 13. Bb5 Kd7 14. Qf3 Rhf8 15. Bxc6+ Kxc6 16. Qe2 Kd7 17. Rxf8 Rxf8 18. Rf1 Rxf1+ 19. Qxf1 Qf6 20. Qxf6 gxf6 21. d4 exd4 22. exd4 e5 23. dxe5 fxe5 24. Kf2 Ke6 25. c4 c6 26. a4 d5 27. cxd5+ cxd5 28. Ke3 d4+ 29. Kd3 Kd6 30. Kc4 b6 31. b4 a5 32. bxa5 bxa5 33. h4 Ke6 34. g4 Kf6 35. Kd3 h5 36. g5+ Ke6 37. Kc4 Kd6 38. Kd3 Ke6 39. Kc4 Ke7 40. Kd3 Ke6 41. Kc4 Kf7 1/2-1/2

[Event "ROM-ch U10"]
[Site "Calimanesti"]
[Date "2014.04.07"]
[Round "2"]
[White "Leustian, Stefan"]
[Black "Cojocaru, Mihai Marian"]
[Result "0-1"]
[WhiteElo "1001"]
[BlackElo "1069"]
[PlyCount "76"]
[EventDate "2014.04.06"]
[EventType "swiss"]
[EventRounds "9"]
[EventCountry "ROU"]
[SourceTitle "CBM 160 Extra"]
[Source "ChessBase"]
[SourceDate "2014.07.01"]
[SourceVersion "1"]
[SourceVersionDate "2014.07.01"]
[SourceQuality "1"]

1. e4 d6 2. Nf3 g6 3. Bb5+ c6 4. Be2 Nf6 5. d3 Bg7 6. 0-0 0-0 7. Nbd2 e5 8. c3 Nbd7 9. d4 exd4 10. cxd4 Re8 11. Bd3 c5 12. d5 Ne5 13. Qe2 Nxd3 14. Qxd3 Qb6 15. Nc4 Qb5 16. b3 Nxe4 17. a4 Qd7 18. Re1 Bxa1 19. Rxe4 Rxe4 20. Qxe4 f5 21. Qh4 a6 22. Nb2 b5 23. a5 Bb7 24. Ng5 Qe7 25. f4 Bxd5 26. Nd3 Bxb3 27. Nb2 Re8 28. Nd3 Bc4 29. Bd2 Bd4+ 30. Kh1 Bxd3 31. h3 b4 32. g4 Be4+ 33. Kh2 b3 34. Bc1 c4 35. Ba3 Bc5 36. Bb2 Bf3 37. Qg3 Qe2+ 38. Qg2 Qxg2# 0-1